<?xml version="1.0" encoding="UTF-8"?><?xml-stylesheet type="text/xsl" href="static/style.xsl"?><OAI-PMH xmlns="http://www.openarchives.org/OAI/2.0/" xmlns:xsi="http://www.w3.org/2001/XMLSchema-instance" xsi:schemaLocation="http://www.openarchives.org/OAI/2.0/ http://www.openarchives.org/OAI/2.0/OAI-PMH.xsd"><responseDate>2026-04-17T01:30:56Z</responseDate><request verb="GetRecord" identifier="oai:www.recercat.cat:10459.1/59858" metadataPrefix="marc">https://recercat.cat/oai/request</request><GetRecord><record><header><identifier>oai:recercat.cat:10459.1/59858</identifier><datestamp>2024-12-05T22:54:35Z</datestamp><setSpec>com_2072_3622</setSpec><setSpec>col_2072_479130</setSpec></header><metadata><record xmlns="http://www.loc.gov/MARC21/slim" xmlns:dcterms="http://purl.org/dc/terms/" xmlns:xsi="http://www.w3.org/2001/XMLSchema-instance" xmlns:doc="http://www.lyncode.com/xoai" xsi:schemaLocation="http://www.loc.gov/MARC21/slim http://www.loc.gov/standards/marcxml/schema/MARC21slim.xsd">
   <leader>00925njm 22002777a 4500</leader>
   <datafield ind2=" " ind1=" " tag="042">
      <subfield code="a">dc</subfield>
   </datafield>
   <datafield ind2=" " ind1=" " tag="720">
      <subfield code="a">Bretón, Víctor</subfield>
      <subfield code="e">author</subfield>
   </datafield>
   <datafield ind2=" " ind1=" " tag="260">
      <subfield code="c">2017-06-13T18:14:01Z</subfield>
   </datafield>
   <datafield ind2=" " ind1=" " tag="260">
      <subfield code="c">2017-06-13T18:14:01Z</subfield>
   </datafield>
   <datafield ind2=" " ind1=" " tag="260">
      <subfield code="c">2015</subfield>
   </datafield>
   <datafield ind2=" " ind1=" " tag="520">
      <subfield code="a">El artículo discute la relación entre economía&#xd;
política —neoliberalismo y posneoliberalismo—&#xd;
y políticas de reconocimiento de la&#xd;
diversidad cultural en Ecuador. Se estudia el surgimiento de un importante movimiento&#xd;
indígena capaz de liderar a los movimientos&#xd;
sociales en el contexto de la crisis de la izquierda&#xd;
y capaz de obstaculizar hasta cierto punto&#xd;
el ajuste neoliberal, así como su progresivo debilitamiento.&#xd;
El neoliberalismo se caracterizó&#xd;
por el reconocimiento limitado de la etnicidad,&#xd;
mientras desconocía la agenda clasista y&#xd;
de cambio estructural de estos movimientos.&#xd;
Además, ejecutó políticas de redistribución&#xd;
económica focalizada que tuvieron el efecto&#xd;
de recambiar los liderazgos indígenas, de&#xd;
enfocarlos en proyectos de desarrollo a corto&#xd;
plazo, y de despolitizarlos. Durante la época&#xd;
posneoliberal se ha retrocedido aún más.&#xd;
Los limitados derechos al reconocimiento y&#xd;
tolerancia neoliberales se han transformado&#xd;
en apropiación estatal de las agendas de los&#xd;
movimientos sociales, intolerancia, y represión&#xd;
a los indígenas que no colaboran con el&#xd;
régimen. Además se ha retrocedido con respecto&#xd;
a la autonomía, participación y otros&#xd;
derechos colectivos que los pueblos indígenas&#xd;
obtuvieron en el periodo anterior. Esto&#xd;
ocurre en un contexto en que los derechos&#xd;
colectivos se convierten en un obstáculo para&#xd;
la expansión de intereses mineros y petroleros&#xd;
transnacionales que financian el presupuesto&#xd;
del estado.</subfield>
   </datafield>
   <datafield ind2=" " ind1=" " tag="520">
      <subfield code="a">This article focuses on the&#xd;
relationship between political economy&#xd;
—neoliberalism and postneoliberalism—&#xd;
and the politics of recognition of cultural diversity in Ecuador. The authors discuss&#xd;
the rise and decline of an indigenous&#xd;
movement capable of both leading social&#xd;
movements in a context of the crisis of the&#xd;
left, and blocking neoliberal restructuring&#xd;
to a certain extent. Neoliberalism was&#xd;
characterized by limited recognition of&#xd;
ethnic diversity while ignoring the&#xd;
class and structural change agenda&#xd;
of these movements. Neoliberal&#xd;
governments conducted targeted&#xd;
economic redistribution, which had&#xd;
the effect of replacing the indigenous&#xd;
leadership, encouraging the movement&#xd;
to focus on short-term development&#xd;
goals, and depoliticizing it. During the&#xd;
postneoliberal period, there have been&#xd;
further losses in indigenous rights.&#xd;
Limited recognition and increased&#xd;
tolerance gave way to state appropriation&#xd;
of social movement agendas, intolerance,&#xd;
and repression of indigenous citizens&#xd;
who do not collaborate with the regime.&#xd;
Furthermore, there has been a reduction&#xd;
in autonomy, participation, and other&#xd;
collective rights previously achieved by&#xd;
indigenous peoples. This is happening in&#xd;
a context in which collective rights have&#xd;
become an obstacle to the expansion of&#xd;
transnational mining and oil interests, the&#xd;
revenues of which are key to financing&#xd;
state budgets.</subfield>
   </datafield>
   <datafield ind1="8" ind2=" " tag="024">
      <subfield code="a">http://hdl.handle.net/10459.1/59858</subfield>
   </datafield>
   <datafield tag="653" ind2=" " ind1=" ">
      <subfield code="a">Etnicidad</subfield>
   </datafield>
   <datafield tag="653" ind2=" " ind1=" ">
      <subfield code="a">Movimientos indígenas</subfield>
   </datafield>
   <datafield tag="653" ind2=" " ind1=" ">
      <subfield code="a">Neoliberalismo</subfield>
   </datafield>
   <datafield tag="653" ind2=" " ind1=" ">
      <subfield code="a">Posneoliberalismo</subfield>
   </datafield>
   <datafield tag="653" ind2=" " ind1=" ">
      <subfield code="a">Ecuador</subfield>
   </datafield>
   <datafield tag="653" ind2=" " ind1=" ">
      <subfield code="a">Andes</subfield>
   </datafield>
   <datafield tag="653" ind2=" " ind1=" ">
      <subfield code="a">Ethnicity</subfield>
   </datafield>
   <datafield tag="653" ind2=" " ind1=" ">
      <subfield code="a">Indigenous movements</subfield>
   </datafield>
   <datafield tag="653" ind2=" " ind1=" ">
      <subfield code="a">Neoliberalism</subfield>
   </datafield>
   <datafield tag="653" ind2=" " ind1=" ">
      <subfield code="a">Postneoliberalism</subfield>
   </datafield>
   <datafield tag="653" ind2=" " ind1=" ">
      <subfield code="a">Etnicitat -- Amèrica del Sud</subfield>
   </datafield>
   <datafield tag="653" ind2=" " ind1=" ">
      <subfield code="a">Moviments socials -- Amèrica del Sud</subfield>
   </datafield>
   <datafield tag="653" ind2=" " ind1=" ">
      <subfield code="a">Indis de l'Amèrica del Sud</subfield>
   </datafield>
   <datafield ind2="0" ind1="0" tag="245">
      <subfield code="a">Políticas de reconocimiento neoliberales y posneoliberales en Ecuador: continuidades y rupturas</subfield>
   </datafield>
   <datafield ind2="0" ind1="0" tag="245">
      <subfield code="a">Policies of recognition of indigenous rights in Ecuador under neoliberlism and postneolliberalism: continuity and change</subfield>
   </datafield>
</record></metadata></record></GetRecord></OAI-PMH>